Casse studies in marketing: (Record no. 157748)

MARC details
000 -LEADER
fixed length control field 00656nam a22002057a 4500
005 - DATE AND TIME OF LATEST TRANSACTION
control field 20180928115648.0
010 ## - LCCN (DPL NO)
LC control number ENG-124079
020 ## - INTERNATIONAL STANDARD BOOK NUMBER
International Standard Book Number 9789387472310
Terms of availability 495.00
035 ## - SYSTEM CONTROL NUMBER
System control number EN-107611
037 ## - SOURCE OF ACQUISITION
Source of stock number/acquisition DBAD/PUB
082 ## - DEWEY DECIMAL CLASSIFICATION NUMBER
Classification number 658.8
100 ## - MAIN ENTRY--PERSONAL NAME
Personal name Srinivasan R.
245 ## - TITLE STATEMENT
Title Casse studies in marketing:
Statement of responsibility, etc by R. Srinivasan
Remainder of title the indian context /
250 ## - EDITION STATEMENT
Edition statement 17th ed.
260 ## - PUBLICATION, DISTRIBUTION, ETC. (IMPRINT)
Date of publication, distribution, etc 2018
Place of publication, distribution, etc Delhi
Name of publisher, distributor, etc PHI Learning Pvt. Ltd.
270 ## - ADDRESS
City Delhi
Address Rimjhim House, 111, Patparganj Industrial Estate,
Postal code 110092
300 ## - PHYSICAL DESCRIPTION
Extent xx,383p.
Dimensions 23cm.(pbk)
500 ## - GENERAL NOTE
General note It includes Appendix-national tourism policy 2002
942 ## - ADDED ENTRY ELEMENTS (KOHA)
Source of classification or shelving scheme Dewey Decimal Classification
Item type English Books
Classification part 658.8
Call number suffix SRI
Holdings
Withdrawn status Lost status Not for loan Collection code Home library Current library Date acquired Source of acquisition Cost, normal purchase price Full call number Barcode Copy number Cost, replacement price Koha item type
    Not For Loan Non-fiction D.B.Act.Division Sarojini Nagar 28/09/2018 DBAD/PUB 495.00 658.8 SRI EN-107611 1 495.00 English Books

© Delhi Public Library
Hit Counter
free hit counter